00720nas a2200217Ia 4500001001100000003000900011008004100020040001300061040001300074041001300087100004600100210001900146222001900165245013200184250001100316260002300327501008600350300001700436362001300453650003600466R415/38237IT-RoPAU151124c99999999xx |||||||||||| ||und|| aIT-RoPAU cIT-RoPAU aFRANCESE aDibelius UlrichgCodice Aut. SPICS: 14638 aMUSIQUE EN JEU aMusique En Jeu aMUSIQUE EN JEU (06) SUR L'IMPROVISATION, LE CONCERTbOeuvre Desoeuvree A Propos De la Notion D'"Oeuvre" Dans L'Art Contemporain a1a ed. aPARISbSEUILc1972 bPaulus - SPICS - Società San Paolo EM (non-commercial uses only)cCopyright2015 a10 p. [3-12] aVOL.06,  aMUSICAvPUBBLICAZIONE PERIODICA